David Sedaris Books Quiz Stats

 Plays Quiz Updated Mar 27, 2020

     
Support Sporcle.
Go Orange.
Score 0/10 Timer 04:00
0 Plays Today
Year Answer % Correct
2000Me Talk Pretty One Day
85.5%
1997Naked
67.9%
2018Calypso
61.8%
1997Holidays on Ice
53.7%
2008When You Are Engulfed in Flames
53%
2004Dress Your Family in Corduroy and Denim
52.3%
1994Barrel Fever
43.5%
2013Let's Explore Diabetes With Owls
35.8%
2017Theft by Finding: Diaries (1977-2002)
32.1%
2010Squirrel Seeks Chipmunk: A Modest Bestiary
31.3%

From the Vault

-al -el or -le?

by nabean

We hope you're able to get all of these right.
Remove Ads.
Support Sporcle.
Get the best of Sporcle when you Go Orange. This ad-free experience offers more features, more stats, and more fun while also helping to support Sporcle. Thank you for becoming a member.

Show Comments

Extras

Top Quizzes Today


Score Distribution

Your Account Isn't Verified!

In order to create a playlist on Sporcle, you need to verify the email address you used during registration. Go to your Sporcle Settings to finish the process.

Report this User

Report this user for behavior that violates our Community Guidelines.

Details: